00452nam a22000977a 4500008004100000082002300041245021900064260003700283300001000320710002400330230612b xxu||||| |||| 00| 0 eng d a354.676200723bKEN aThe Report of The Controller and Auditor-General to Parliament on The Appropriation Accounts, other Public Accounts and the Accounts of the Funds of the Republic of Kenya for the Year 2006/2007cGovernment of Kenya aKenyabGovernment of Kenyac2007 a665 p bGovernment of Kenya